000 00912nam a22002897a 4500
003 CHAP
005 20220329140044.0
008 971013s1984 r 10010 d
010 _a46309
011 _a47281
035 _a51423
040 _cCHAP
090 _aFolleto 9255
111 0 0 _aReunión Nacional de Evaluación del Plan de Acción Mundial sobre Población (
_d1984
_c: México, D. F.)
_996485
245 _aMemoria
260 _aMéxico, D. F. :
_bConsejo Nacional de Población,
_c1984
300 _a64 p.
_b: ilus.
590 _aBATCH-UPD
_b10
_c20130110
_lUCH01
_h1853
590 _aBATCH-UPD
_b10
_c20130410
_lUCH01
_h1221
590 _aBATCH-UPD
_b10
_c20130914
_lUCH01
_h1141
590 _aCONVERSION
_b10
_c20130109
_lUCH01
_h1325
650 1 4 _aDemografía.
_931742
650 1 4 _aPoblación.
_989360
901 _aBK
942 _cFOLL
949 _aFolleto 9255
_bBC
_cFOLL
_d-115045
_eTS1
_i51423
_si
999 _c46309
_d46309